[Event "12 Ketrzynski Festiwal Szachowy - open A"]
[Site "Ketrzyn"]
[Date "2009.12.28"]
[Round "3.3"]
[White "Puczylowski, Marcin"]
[Black "Budrewicz, Krzysztof"]
[Result "0-1"]
[WhiteElo "2084"]
[BlackElo "2317"]
[PlyCount "101"]
[EventDate "2009.??.??"]

1. e4 g6 2. d4 Bg7 3. Nf3 d6 4. Bc4 c6 5. O-O d5 6. exd5 cxd5 7. Bd3 Nc6 8. c3
Nh6 9. Bxh6 Bxh6 10. Ne5 Nxe5 11. dxe5 O-O 12. Na3 Bd7 13. Qe2 Qb6 14. Bb5 Bc6
15. Rab1 Rfd8 16. Rfd1 Rac8 17. Rd4 Bg7 18. Rb4 Qc7 19. Re1 e6 20. Rh4 Bf8 21.
Nc2 Be7 22. Rh3 Qb6 23. Bd3 Qxb2 24. Qe3 Bf8 25. Qg5 Bg7 26. Ree3 Qc1+ 27. Ne1
d4 28. cxd4 Rxd4 29. Bc2 Ba4 30. Bxa4 Rxa4 31. g4 Rxa2 32. Qh4 h6 33. Kg2 a5
34. Rhf3 Qc7 35. Rc3 Qd8 36. Rxc8 Qxc8 37. Qe7 Qf8 38. Qxb7 Bxe5 39. Nd3 Bd6
40. Nb2 Ra3 41. Rxa3 Bxa3 42. Nc4 Bb4 43. Qb6 Qa8+ 44. f3 Qd5 45. Qc7 Qa8 46.
Ne5 Qf8 47. Nd7 Qe7 48. h4 a4 49. Qb8+ Kh7 50. Qa7 a3 51. Ne5 0-1

[Event "12 Ketrzynski Festiwal Szachowy - open A"]
[Site "Ketrzyn"]
[Date "2009.12.28"]
[Round "3.4"]
[White "Kotlowski, Tomasz"]
[Black "Usakovas, Jevgenijus"]
[Result "1-0"]
[WhiteElo "2019"]
[BlackElo "2139"]
[PlyCount "109"]
[EventDate "2009.??.??"]

1. e4 c5 2. Nc3 Nc6 3. f4 g6 4. Nf3 Bg7 5. Bc4 e6 6. f5 Ne5 7. Nxe5 Bxe5 8. Qf3
gxf5 9. d3 Qh4+ 10. g3 Qg4 11. Qf2 b6 12. exf5 Bb7 13. fxe6 fxe6 14. Rf1 O-O-O
15. Bf4 Bxf4 16. Qxf4 Qxf4 17. Rxf4 Nh6 18. d4 Rdf8 19. Rxf8+ Rxf8 20. dxc5
bxc5 21. Nb5 Ng4 22. Nd6+ Kc7 23. Nxb7 Kxb7 24. Be2 Ne5 25. b4 c4 26. Rd1 d5
27. Rd4 Rf6 28. Rh4 h6 29. Rh5 Nf7 30. h4 Kc6 31. a4 Kd6 32. g4 Rg6 33. g5 hxg5
34. Rh7 Ne5 35. hxg5 Rxg5 36. Rxa7 d4 37. Ra6+ Kd5 38. Ra5+ Ke4 39. Bxc4 Ke3
40. Rxe5+ Rxe5 41. a5 Rh5 42. a6 Rh1+ 43. Bf1 Rh2 44. Kd1 Rh1 45. Ke1 d3 46.
cxd3 Rh4 47. d4 Rxd4 48. b5 Ra4 49. Kd1 Ra1+ 50. Kc2 Rxf1 51. a7 Ra1 52. b6 e5
53. b7 Rxa7 54. b8=Q Ra2+ 55. Kb3 1-0

[Event "12 Ketrzynski Festiwal Szachowy - open A"]
[Site "Ketrzyn"]
[Date "2009.12.28"]
[Round "3.5"]
[White "Drozdowski, Kacper"]
[Black "Obiedzinski, Pawel"]
[Result "1-0"]
[WhiteElo "2198"]
[BlackElo "2019"]
[PlyCount "115"]
[EventDate "2009.??.??"]

1. e4 c6 2. c4 d5 3. cxd5 cxd5 4. exd5 Nf6 5. Qa4+ Nbd7 6. Nc3 g6 7. Nf3 Bg7 8.
Bc4 O-O 9. d3 a6 10. Qa3 b6 11. O-O Bb7 12. Bg5 b5 13. Bb3 Nb6 14. Rfe1 Nbxd5
15. Nxd5 Bxd5 16. Qxe7 Bxf3 17. gxf3 Qd4 18. Qe5 Qb6 19. Qe3 Qd6 20. Bf4 Qd7
21. Bg3 Nh5 22. Qd2 Nxg3 23. hxg3 Rad8 24. Rad1 Qh3 25. Re4 Bd4 26. Qg5 Qf5 27.
Qxf5 gxf5 28. Re2 Kg7 29. f4 Kf6 30. Kg2 h5 31. Rh1 Kg6 32. Bd1 Bf6 33. Rd2 Rh8
34. Be2 h4 35. Rh3 Rc8 36. d4 Rhd8 37. d5 Rc5 38. Bf3 Rdc8 39. d6 Rc2 40. d7
R8c7 41. Rd6 Kg7 42. Rxf6 Rxd7 43. Rxf5 Rdd2 44. gxh4 Rxf2+ 45. Kg3 Rf1 46. Rh1
Rxh1 47. Bxh1 Rxb2 48. Bd5 f6 49. Bb3 Rd2 50. Rc5 Rd6 51. Kg4 Kh6 52. Rh5+ Kg6
53. Rd5 Rb6 54. h5+ Kh6 55. Rd7 Rc6 56. Bg8 f5+ 57. Kh4 Rc5 58. Rh7# 1-0

[Event "12 Ketrzynski Festiwal Szachowy - open A"]
[Site "Ketrzyn"]
[Date "2009.12.28"]
[Round "3.6"]
[White "Zielinski, Stanislaw"]
[Black "Kanarkiewicz, Michal"]
[Result "0-1"]
[WhiteElo "2159"]
[BlackElo "1898"]
[PlyCount "80"]
[EventDate "2009.??.??"]

1. e4 c5 2. Nc3 d6 3. f4 Nc6 4. Nf3 e6 5. g3 Nf6 6. Bg2 Be7 7. O-O O-O 8. d3
Rb8 9. h3 b5 10. Ne2 Qc7 11. g4 d5 12. g5 Nh5 13. Qe1 dxe4 14. dxe4 g6 15. e5
Bb7 16. Be3 Nb4 17. Qc1 Be4 18. Nc3 Ba8 19. Nd2 Nd5 20. Nde4 Nxc3 21. Nxc3 b4
22. Nd1 Ng3 23. Re1 Nf5 24. Bxa8 Rxa8 25. Qd2 h6 26. gxh6 Nxh6 27. Qg2 Nf5 28.
Nf2 Bh4 29. Re2 Nxe3 30. Rxe3 Bxf2+ 31. Qxf2 Rfd8 32. Rd3 Rxd3 33. cxd3 Rd8 34.
Qe3 Qb6 35. Rd1 Rd4 36. b3 Qd8 37. Rd2 Kg7 38. Kh2 Qh4 39. Rc2 Rxf4 40. Qxc5
Rf3 0-1

[Event "12 Ketrzynski Festiwal Szachowy - open A"]
[Site "Ketrzyn"]
[Date "2009.12.28"]
[Round "3.7"]
[White "Czaus, Piotr"]
[Black "Kobus, Sebastian"]
[Result "1-0"]
[WhiteElo "2007"]
[BlackElo "2074"]
[PlyCount "69"]
[EventDate "2009.??.??"]

1. d4 d5 2. c4 e6 3. Nc3 Nf6 4. e3 Be7 5. Nf3 O-O 6. Be2 c5 7. O-O b6 8. b3 Bb7
9. Bb2 dxc4 10. bxc4 Ne4 11. Nxe4 Bxe4 12. Nd2 Bc6 13. Bf3 cxd4 14. exd4 Bxf3
15. Qxf3 Nd7 16. Rfd1 Bf6 17. Ne4 Qc7 18. Nxf6+ gxf6 19. Rac1 Rac8 20. Rc3 Kh8
21. Qh5 Qf4 22. Rh3 Qf5 23. Qe2 Rg8 24. Rg3 Rxg3 25. hxg3 Rg8 26. Rc1 Rg6 27.
c5 bxc5 28. Qb5 Qd5 29. dxc5 Rg8 30. Qa4 Rb8 31. c6 Rxb2 32. cxd7 Qd2 33. Rc8+
Kg7 34. Qg4+ Kh6 35. Qf4+ 1-0

[Event "12 Ketrzynski Festiwal Szachowy - open A"]
[Site "Ketrzyn"]
[Date "2009.12.28"]
[Round "3.8"]
[White "Reza, Wojciech"]
[Black "Baturo, Tomasz"]
[Result "1/2-1/2"]
[WhiteElo "1926"]
[BlackElo "2053"]
[PlyCount "52"]
[EventDate "2009.??.??"]

1. e4 c5 2. Nf3 Nc6 3. Bb5 g6 4. O-O Bg7 5. Re1 d6 6. c3 Bd7 7. d4 cxd4 8. cxd4
Qb6 9. Bxc6 Bxc6 10. Nc3 Nh6 11. Qe2 O-O 12. d5 Bd7 13. Be3 Qa5 14. Bd4 Ng4 15.
Bxg7 Kxg7 16. h3 Nf6 17. Rad1 Rfe8 18. e5 dxe5 19. Qxe5 Kg8 20. d6 Qxe5 21.
Nxe5 exd6 22. Rxd6 Re6 23. Red1 Rxe5 24. Rxf6 Be6 25. Rf4 a6 26. Rfd4 Re8
1/2-1/2

[Event "12 Ketrzynski Festiwal Szachowy - open A"]
[Site "Ketrzyn"]
[Date "2009.12.28"]
[Round "3.9"]
[White "Vaitonis, Vytautas"]
[Black "Kaczmarek, Arkadiusz"]
[Result "1/2-1/2"]
[WhiteElo "2051"]
[BlackElo "2019"]
[PlyCount "67"]
[EventDate "2009.??.??"]

1. Nf3 d5 2. d4 Nf6 3. c4 c6 4. Nc3 e6 5. e3 Nbd7 6. Qc2 Bd6 7. Bd3 O-O 8. h3
dxc4 9. Bxc4 b5 10. Be2 Bb7 11. O-O a6 12. Rd1 Qc7 13. e4 e5 14. Be3 Rfe8 15.
dxe5 Nxe5 16. Rac1 Qe7 17. Nd4 Bb8 18. Nb3 Ng6 19. g3 Bc8 20. Bf1 Ba7 21. Bxa7
Rxa7 22. Nd4 Rc7 23. Nd5 Nxd5 24. exd5 Qg5 25. d6 Rd7 26. Qxc6 Ne5 27. Nf3
Nxf3+ 28. Qxf3 Bb7 29. Qd3 Qe5 30. Bg2 Bxg2 31. Kxg2 Qxb2 32. Qf5 Rxd6 33. Rxd6
Qxc1 34. Rxa6 1/2-1/2

[Event "12 Ketrzynski Festiwal Szachowy - open A"]
[Site "Ketrzyn"]
[Date "2009.12.28"]
[Round "3.10"]
[White "Barsciauskas, Gintautas"]
[Black "Gawronski, Miroslaw"]
[Result "0-1"]
[WhiteElo "1904"]
[BlackElo "2193"]
[PlyCount "48"]
[EventDate "2009.??.??"]

1. d3 d5 2. Nd2 c5 3. c3 e5 4. e4 d4 5. Be2 Nc6 6. Ngf3 Nge7 7. O-O g6 8. Ne1
Bg7 9. g3 O-O 10. Ng2 Be6 11. c4 a6 12. f4 f6 13. g4 b5 14. f5 Bf7 15. b3 Qd6
16. h4 Bh6 17. Nf3 Bxc1 18. Qxc1 bxc4 19. bxc4 gxf5 20. gxf5 Kh8 21. Kf2 Rg8
22. Rh1 Nxf5 23. exf5 e4 24. Qf4 Rxg2+ 0-1

[Event "12 Ketrzynski Festiwal Szachowy - open A"]
[Site "Ketrzyn"]
[Date "2009.12.28"]
[Round "3.11"]
[White "Wisniewski, Adam"]
[Black "Kapica, Pawel"]
[Result "0-1"]
[WhiteElo "2074"]
[BlackElo "1833"]
[PlyCount "92"]
[EventDate "2009.??.??"]

1. e4 c5 2. c3 d5 3. exd5 Qxd5 4. d4 e6 5. Nf3 Nf6 6. Na3 Nc6 7. Be2 cxd4 8.
Nb5 Qd8 9. Nbxd4 Nxd4 10. Nxd4 Be7 11. O-O O-O 12. Bf3 Qa5 13. Qe2 Rd8 14. Bf4
Nd5 15. Be5 f6 16. Nb3 Qb6 17. Bd4 Qc7 18. g3 e5 19. Be3 Be6 20. Rad1 a5 21.
Qb5 Nxe3 22. Rxd8+ Bxd8 23. fxe3 Bc4 24. Bd5+ Bxd5 25. Qxd5+ Kh8 26. Rd1 Qb6
27. Qc5 Qxc5 28. Nxc5 Bb6 29. Rd5 Rc8 30. b4 axb4 31. cxb4 Bxc5 32. bxc5 Kg8
33. Kf2 Rc7 34. Ke2 Kf7 35. e4 Ke6 36. Kd3 Rc6 37. g4 Ra6 38. Kc4 Ra4+ 39. Kd3
Ra3+ 40. Kc4 Ra4+ 41. Kd3 Rxa2 42. Rd6+ Ke7 43. Rb6 Ra7 44. h4 Kd7 45. g5 fxg5
46. hxg5 Kc7 0-1

[Event "12 Ketrzynski Festiwal Szachowy - open A"]
[Site "Ketrzyn"]
[Date "2009.12.28"]
[Round "4.1"]
[White "Renkowski, Piotr"]
[Black "Dambrauskas, Virginijus"]
[Result "0-1"]
[WhiteElo "1793"]
[BlackElo "2364"]
[PlyCount "58"]
[EventDate "2009.??.??"]

1. e4 c5 2. Nf3 Nc6 3. c3 Nf6 4. e5 Nd5 5. d4 cxd4 6. cxd4 e6 7. Bc4 d6 8. O-O
Be7 9. Qe2 O-O 10. a3 b6 11. Qe4 Bb7 12. Bd3 g6 13. Bh6 Re8 14. Rd1 Na5 15. Qg4
Nb3 16. Ra2 Rc8 17. h4 Bf8 18. Bxf8 Rxf8 19. h5 Rc1 20. Nh2 dxe5 21. hxg6 f5
22. gxh7+ Kh8 23. Qe2 Rxd1+ 24. Qxd1 Nxd4 25. b4 Nf4 26. Bf1 Nf3+ 27. Qxf3 Bxf3
28. Nxf3 e4 29. Ne5 Qd5 0-1

[Event "12 Ketrzynski Festiwal Szachowy - open A"]
[Site "Ketrzyn"]
[Date "2009.12.28"]
[Round "4.2"]
[White "Budrewicz, Krzysztof"]
[Black "Kotlowski, Tomasz"]
[Result "1-0"]
[WhiteElo "2317"]
[BlackElo "2019"]
[PlyCount "85"]
[EventDate "2009.??.??"]

1. d4 g6 2. c4 Bg7 3. Nc3 d6 4. e4 Nc6 5. Be3 e5 6. d5 Nd4 7. Nge2 Bg4 8. Qd2
Nxe2 9. Nxe2 Ne7 10. f3 Bd7 11. Nc3 f5 12. Be2 O-O 13. O-O-O a6 14. c5 Rb8 15.
Kb1 Rf7 16. Rc1 Kh8 17. g4 f4 18. Bf2 h6 19. Ka1 Nc8 20. h4 Kh7 21. Qc2 Bf8 22.
h5 g5 23. c6 bxc6 24. dxc6 Bxc6 25. Nd5 Bxd5 26. exd5+ Kh8 27. Qg6 Rf6 28. Qe4
Qd7 29. Bd3 a5 30. a3 Nb6 31. Rc6 Qf7 32. Rhc1 Na8 33. Ka2 Be7 34. R1c3 Bd8 35.
Ba7 Rb7 36. Bf2 Kg8 37. Ba6 Nb6 38. Bxb7 Nxd5 39. R6c4 Nxc3+ 40. bxc3 Qh7 41.
Bd5+ Kg7 42. Qxh7+ Kxh7 43. Rc6 1-0

[Event "12 Ketrzynski Festiwal Szachowy - open A"]
[Site "Ketrzyn"]
[Date "2009.12.28"]
[Round "4.3"]
[White "Drozdowski, Kacper"]
[Black "Szymczak, Zbigniew"]
[Result "1/2-1/2"]
[WhiteElo "2198"]
[BlackElo "2280"]
[PlyCount "91"]
[EventDate "2009.??.??"]

1. e4 c5 2. Nf3 e6 3. d4 cxd4 4. Nxd4 a6 5. Bd3 g6 6. c4 Bg7 7. Nc2 Nf6 8. O-O
d6 9. Nc3 O-O 10. Qe2 Nc6 11. Rd1 Qc7 12. Bf4 b6 13. Rac1 Bb7 14. h3 Rfd8 15.
Ne3 Qe7 16. Bb1 Nh5 17. Bh2 Be5 18. Ng4 Bxh2+ 19. Kxh2 Rab8 20. Qe3 Ba8 21. Ne2
Nf6 22. Nxf6+ Qxf6 23. b3 g5 24. g3 e5 25. Rd2 b5 26. cxb5 axb5 27. a3 b4 28.
a4 Ne7 29. f4 gxf4 30. gxf4 Nc6 31. f5 Ne7 32. Ng3 Qh4 33. f6 Ng6 34. Rf1 Kh8
35. Nf5 Qxf6 36. Qh6 d5 37. exd5 Rxd5 38. Rxd5 Bxd5 39. Rd1 Bxb3 40. Rd6 Be6
41. Be4 b3 42. h4 b2 43. h5 Qxf5 44. Bxf5 Bxf5 45. hxg6 fxg6 46. Rb6 1/2-1/2

[Event "12 Ketrzynski Festiwal Szachowy - open A"]
[Site "Ketrzyn"]
[Date "2009.12.28"]
[Round "4.4"]
[White "Kanarkiewicz, Michal"]
[Black "Czaus, Piotr"]
[Result "0-1"]
[WhiteElo "1898"]
[BlackElo "2007"]
[PlyCount "92"]
[EventDate "2009.??.??"]

1. e4 g6 2. d4 Bg7 3. Nc3 d6 4. f4 c6 5. Nf3 a5 6. Bd3 Na6 7. O-O Bg4 8. Be3 e6
9. f5 Nb4 10. h3 Bxf3 11. Qxf3 exf5 12. exf5 Nf6 13. fxg6 fxg6 14. Bg5 O-O 15.
Ne4 Nxe4 16. Bxd8 Rxf3 17. Rxf3 Rxd8 18. Bxe4 d5 19. Bd3 Bxd4+ 20. Kf1 Bxb2 21.
Rb1 Bg7 22. a3 Nxd3 23. Rxd3 b5 24. Ke2 Kf7 25. Rf1+ Ke6 26. Rdf3 Rd7 27. a4 b4
28. Re3+ Kd6 29. Re8 Bc3 30. Rf3 Ra7 31. Rfe3 Kc5 32. Kd3 Rf7 33. Rf3 Rxf3+ 34.
gxf3 Kb6 35. Re7 c5 36. Rxh7 c4+ 37. Ke2 b3 38. cxb3 cxb3 39. Kd3 b2 40. Kc2 d4
41. Rd7 Kc5 42. f4 Kc4 43. f5 d3+ 44. Kb1 gxf5 45. h4 d2 46. h5 Bd4 0-1

[Event "12 Ketrzynski Festiwal Szachowy - open A"]
[Site "Ketrzyn"]
[Date "2009.12.28"]
[Round "4.5"]
[White "Piesik, Piotr"]
[Black "Puczylowski, Marcin"]
[Result "1-0"]
[WhiteElo "2270"]
[BlackElo "2084"]
[PlyCount "69"]
[EventDate "2009.??.??"]

1. Nf3 d5 2. g3 Nc6 3. Bg2 e5 4. d3 f5 5. O-O Nf6 6. c4 dxc4 7. Qa4 e4 8. Ne5
Qd5 9. Nxc6 Qxc6 10. Qxc6+ bxc6 11. dxc4 Bd6 12. Bd2 O-O 13. Bc3 Bd7 14. Rd1
Be8 15. Nd2 Bg6 16. Nb3 Ng4 17. Nd4 c5 18. Nb5 Be5 19. Bxe5 Nxe5 20. Nxc7 Rac8
21. Nd5 Rf7 22. b3 Rb7 23. f3 Nc6 24. fxe4 fxe4 25. Nf4 Re7 26. Bh3 Rf8 27. Ne6
Bf5 28. Bxf5 Rxf5 29. Rd6 Ne5 30. Rad1 Ng4 31. Rc6 h5 32. Rd8+ Kf7 33. Rf8+ Kg6
34. Nf4+ Kg5 35. Rg6# 1-0

[Event "12 Ketrzynski Festiwal Szachowy - open A"]
[Site "Ketrzyn"]
[Date "2009.12.28"]
[Round "4.6"]
[White "Usakovas, Jevgenijus"]
[Black "Reza, Wojciech"]
[Result "1/2-1/2"]
[WhiteElo "2139"]
[BlackElo "1926"]
[PlyCount "88"]
[EventDate "2009.??.??"]

1. c4 Nf6 2. Nc3 g6 3. g3 Bg7 4. Bg2 O-O 5. e4 d6 6. Nge2 c6 7. O-O Qc7 8. d3
Nbd7 9. h3 a6 10. Be3 Rb8 11. a4 Rd8 12. Rc1 c5 13. d4 b6 14. d5 e6 15. dxe6
fxe6 16. f4 Bb7 17. Rc2 Nf8 18. Rd2 Rd7 19. Qc2 Rbd8 20. Rfd1 Bc6 21. g4 Qb7
22. Ng3 Ne8 23. g5 Nc7 24. Nge2 b5 25. axb5 axb5 26. cxb5 Nxb5 27. Nxb5 Qxb5
28. Nc3 Qb7 29. f5 exf5 30. exf5 Bxg2 31. Rxg2 gxf5 32. Nd5 Kh8 33. Nf6 Re7 34.
Bf4 Qb4 35. Qxf5 Re1+ 36. Rxe1 Qxe1+ 37. Kh2 Qe6 38. Qd3 c4 39. Qg3 Ng6 40. Rd2
d5 41. Bc7 Bxf6 42. gxf6 Rd7 43. Ba5 Qxf6 44. Bc3 d4 1/2-1/2

[Event "12 Ketrzynski Festiwal Szachowy - open A"]
[Site "Ketrzyn"]
[Date "2009.12.28"]
[Round "4.7"]
[White "Baturo, Tomasz"]
[Black "Zielinski, Stanislaw"]
[Result "0-1"]
[WhiteElo "2053"]
[BlackElo "2159"]
[PlyCount "70"]
[EventDate "2009.??.??"]

1. d4 Nf6 2. Nf3 g6 3. c4 Bg7 4. Nc3 O-O 5. e4 d6 6. Be2 e5 7. d5 a5 8. O-O Na6
9. Ne1 Nc5 10. Qc2 Ne8 11. Nd3 Bd7 12. Rb1 f5 13. f3 f4 14. b4 axb4 15. Rxb4 b6
16. Nxc5 dxc5 17. Rb2 g5 18. Nb5 h5 19. Bd2 g4 20. Ra1 Kh7 21. a4 Rg8 22. a5
Bh6 23. Bc3 Qh4 24. fxg4 hxg4 25. Bxe5 g3 26. h3 Bxh3 27. Bf3 Bg4 28. Bxg4 Rxg4
29. Qd1 Bg7 30. Bxg7 Rxg7 31. Rba2 Nf6 32. Qf3 Ng4 33. Ra3 Ne5 34. Qc3 Qh2+ 35.
Kf1 f3 0-1

[Event "12 Ketrzynski Festiwal Szachowy - open A"]
[Site "Ketrzyn"]
[Date "2009.12.28"]
[Round "4.8"]
[White "Gawronski, Miroslaw"]
[Black "Obiedzinski, Pawel"]
[Result "1-0"]
[WhiteElo "2193"]
[BlackElo "2019"]
[PlyCount "71"]
[EventDate "2009.??.??"]

1. d4 d5 2. c4 c5 3. cxd5 e6 4. dxe6 Bxe6 5. Nf3 Nc6 6. e3 cxd4 7. Nxd4 Nxd4 8.
Qxd4 Qxd4 9. exd4 Bb4+ 10. Nc3 Nf6 11. a3 Ba5 12. Bd3 Rd8 13. Be3 Nd5 14. Kd2
O-O 15. Rac1 f5 16. g3 f4 17. gxf4 Nxf4 18. Rhe1 Bg4 19. Bc4+ Kh8 20. Rg1 Bf3
21. Rg3 Bc6 22. Rcg1 Rd7 23. Kc2 a6 24. d5 Bxd5 25. Nxd5 Nxd5 26. Bxd5 Rxd5 27.
Rxg7 Rc8+ 28. Kb1 Bc7 29. Re7 Bxh2 30. Rgg7 Be5 31. Rxh7+ Kg8 32. Rh5 Rd1+ 33.
Ka2 Bf6 34. Rxb7 Re1 35. Rf5 Rc6 36. Rc5 1-0

[Event "12 Ketrzynski Festiwal Szachowy - open A"]
[Site "Ketrzyn"]
[Date "2009.12.28"]
[Round "4.9"]
[White "Kobus, Sebastian"]
[Black "Kaczmarek, Arkadiusz"]
[Result "1-0"]
[WhiteElo "2074"]
[BlackElo "2019"]
[PlyCount "82"]
[EventDate "2009.??.??"]

1. e4 d5 2. exd5 Nf6 3. Nc3 Nxd5 4. Bc4 Nb6 5. Bb3 Nc6 6. d3 Bf5 7. Nge2 e6 8.
O-O Be7 9. Ng3 Bg6 10. f4 O-O 11. Kh1 Nd4 12. Be3 c5 13. Bxd4 cxd4 14. Nce4 Nd5
15. Bxd5 Qxd5 16. Qf3 Qb5 17. f5 exf5 18. Nxf5 Bxf5 19. Qxf5 Qxf5 20. Rxf5 Rac8
21. Rf2 Rc6 22. Raf1 Ra6 23. a3 Rb6 24. c3 dxc3 25. Nxc3 Rb3 26. Nd5 Bc5 27.
Rc2 Bd4 28. Ne7+ Kh8 29. Nf5 Bf6 30. Nd6 b6 31. Nxf7+ Kg8 32. Nd6 Bxb2 33. Nf5
Bxa3 34. g4 Rxd3 35. Rc7 a5 36. Rxg7+ Kh8 37. Rb7 Bc5 38. Re1 Rfd8 39. Nh6 R8d7
40. Rb8+ Kg7 41. Rg8+ Kf6 1-0

[Event "12 Ketrzynski Festiwal Szachowy - open A"]
[Site "Ketrzyn"]
[Date "2009.12.28"]
[Round "4.10"]
[White "Kapica, Pawel"]
[Black "Vaitonis, Vytautas"]
[Result "1/2-1/2"]
[WhiteElo "1833"]
[BlackElo "2051"]
[PlyCount "71"]
[EventDate "2009.??.??"]

1. d4 Nf6 2. c4 g6 3. Nc3 Bg7 4. e4 d6 5. Nf3 O-O 6. Be2 Na6 7. O-O e5 8. Be3
Ng4 9. Bg5 f6 10. Bh4 g5 11. Bg3 Nh6 12. dxe5 fxe5 13. Rc1 Nf7 14. Ne1 Nc5 15.
Bg4 c6 16. Bxc8 Rxc8 17. Nc2 Ne6 18. f3 h5 19. Bf2 Ra8 20. b4 Qe7 21. Ne3 Nh6
22. Qd2 Nd4 23. Ne2 a6 24. c5 Rad8 25. Qb2 d5 26. exd5 Nxe2+ 27. Qxe2 cxd5 28.
Rfd1 Qf7 29. c6 d4 30. Nc4 g4 31. Nxe5 Bxe5 32. Qxe5 gxf3 33. Bxd4 f2+ 34. Kf1
Rxd4 35. Qg5+ Kh7 36. Rxd4 1/2-1/2

[Event "12 Ketrzynski Festiwal Szachowy - open A"]
[Site "Ketrzyn"]
[Date "2009.12.28"]
[Round "4.11"]
[White "Barsciauskas, Gintautas"]
[Black "Wisniewski, Adam"]
[Result "0-1"]
[WhiteElo "1904"]
[BlackElo "2074"]
[PlyCount "64"]
[EventDate "2009.??.??"]

1. d3 d5 2. Nd2 e5 3. e4 c6 4. c3 Nf6 5. Be2 Qc7 6. Ngf3 Bd6 7. O-O Nbd7 8. a3
Nf8 9. Ne1 Ng6 10. g3 Bh3 11. Ng2 h5 12. Re1 Qd7 13. Bf1 h4 14. b4 hxg3 15.
fxg3 Ng4 16. Nf3 O-O-O 17. Qe2 Bc7 18. c4 d4 19. a4 f5 20. exf5 e4 21. Ng5 N6e5
22. Qxe4 Nxh2 23. Ne6 Nhf3+ 24. Kf2 Nxe1 25. Kxe1 Bxf5 26. Qxf5 Rdf8 27. Qxf8+
Rxf8 28. Nxf8 Qf5 29. Nf4 Qxf8 30. Bh3+ Kb8 31. c5 g5 32. Ne6 Qf3 0-1

[Event "12 Ketrzynski Festiwal Szachowy - open A"]
[Site "Ketrzyn"]
[Date "2009.12.28"]
[Round "5.1"]
[White "Dambrauskas, Virginijus"]
[Black "Budrewicz, Krzysztof"]
[Result "1-0"]
[WhiteElo "2364"]
[BlackElo "2317"]
[PlyCount "49"]
[EventDate "2009.??.??"]

1. d4 Nf6 2. c4 g6 3. Nc3 Bg7 4. e4 d6 5. Be2 O-O 6. g4 c5 7. g5 Ne8 8. d5 a6
9. a4 e6 10. h4 exd5 11. cxd5 Nc7 12. Bf4 f6 13. Qd2 Qe7 14. f3 Nd7 15. h5 f5
16. hxg6 hxg6 17. O-O-O b5 18. exf5 Rxf5 19. Bd3 Nb6 20. Re1 Qf8 21. Qh2 Qd8
22. Qh7+ Kf7 23. Rh6 Rxf4 24. Rxg6 Qg8 25. Re7+ 1-0

[Event "12 Ketrzynski Festiwal Szachowy - open A"]
[Site "Ketrzyn"]
[Date "2009.12.28"]
[Round "5.2"]
[White "Szymczak, Zbigniew"]
[Black "Czaus, Piotr"]
[Result "1/2-1/2"]
[WhiteElo "2280"]
[BlackElo "2007"]
[PlyCount "178"]
[EventDate "2009.??.??"]

1. d4 Nf6 2. c4 g6 3. Nc3 Bg7 4. e4 d6 5. Be2 O-O 6. Nf3 Nc6 7. d5 Nb8 8. O-O
e5 9. Ne1 Ne8 10. Nd3 c5 11. a3 a5 12. Rb1 f5 13. b4 b6 14. bxc5 bxc5 15. f3
Nd7 16. Be3 Ndf6 17. Rb2 Nh5 18. Qd2 Ba6 19. Nb5 Nf4 20. Rfb1 g5 21. Nxc5 dxc5
22. Bxc5 Rf6 23. exf5 Bxb5 24. Rxb5 Nd6 25. Rb6 Nxf5 26. Bf1 Qc7 27. Bf2 Rxb6
28. Bxb6 Qd7 29. g3 Ne6 30. Bh3 Ned4 31. Qd3 Qf7 32. Rf1 Qb7 33. c5 Nxg3 34.
hxg3 Qxd5 35. Qe4 Qxe4 36. fxe4 Bf8 37. Bd7 Rb8 38. Kg2 h5 39. Kh3 Be7 40. g4
h4 41. a4 Kg7 42. Bb5 Rc8 43. Ba6 Rxc5 44. Bxc5 Bxc5 45. Bc4 Bb4 46. Rf7+ Kg6
47. Rb7 Bc5 48. Rb8 Kf6 49. Ra8 Bb4 50. Ra7 Be1 51. Rf7+ Kg6 52. Rf1 Bb4 53.
Bf7+ Kg7 54. Bd5 Kg6 55. Rc1 Kf6 56. Rc7 Be7 57. Ra7 Bb4 58. Ra6+ Kg7 59. Bc4
Be1 60. Kg2 Bb4 61. Be6 Bd2 62. Bf5 Kf7 63. Kf2 Kg7 64. Rg6+ Kf7 65. Kf1 Ke7
66. Ra6 Kf7 67. Bc8 Kg7 68. Ra7+ Kf6 69. Bb7 Kg6 70. Kf2 Kf6 71. Bd5 Kg6 72.
Ra8 Kg7 73. Rb8 Kg6 74. Rb6+ Kg7 75. Bc4 Kh7 76. Rb1 Kg7 77. Bf1 Kf6 78. Rb6+
Kf7 79. Rb2 Bc3 80. Rb7+ Kf6 81. Ke3 Bb4 82. Kd3 Nf3 83. Ke3 Nd4 84. Ba6 Kg6
85. Rb8 Kg7 86. Bf1 Kf7 87. Kd3 Nf3 88. Kc2 Nd4+ 89. Kb2 Nf3 1/2-1/2

[Event "12 Ketrzynski Festiwal Szachowy - open A"]
[Site "Ketrzyn"]
[Date "2009.12.28"]
[Round "5.3"]
[White "Renkowski, Piotr"]
[Black "Piesik, Piotr"]
[Result "0-1"]
[WhiteElo "1793"]
[BlackElo "2270"]
[PlyCount "194"]
[EventDate "2009.??.??"]

1. e4 e6 2. d4 d5 3. exd5 exd5 4. Nf3 Bd6 5. Bd3 Ne7 6. O-O O-O 7. c3 Bf5 8.
Re1 Nbc6 9. Bg5 f6 10. Bh4 Qd7 11. Qc2 Rfe8 12. Nbd2 Bxd3 13. Qxd3 Ng6 14. Bg3
Nf4 15. Bxf4 Bxf4 16. Nb3 b6 17. Rad1 Ne7 18. Re2 Ng6 19. Rde1 Bd6 20. g3 Rxe2
21. Qxe2 Kf8 22. Qe6 Qxe6 23. Rxe6 Kf7 24. Re2 c5 25. Kf1 c4 26. Na1 b5 27. Nc2
a5 28. Ne3 Ne7 29. Nh4 g6 30. Nhg2 b4 31. Nd1 Rb8 32. Nge3 Rb5 33. Ke1 Nc6 34.
Ng4 Bf8 35. f4 a4 36. Nge3 Ra5 37. Kf1 a3 38. bxa3 bxa3 39. Ke1 Rb5 40. Ng4 h5
41. Nge3 Bd6 42. Kf1 Bc7 43. Ke1 Ba5 44. Kf2 Rb1 45. Rc2 Ke6 46. Re2 Kd6 47.
Rc2 Na7 48. Kf3 Nb5 49. Kf2 Na7 50. Kf3 Nc8 51. Kf2 Nb6 52. Ke2 Na4 53. Kd2 Kc6
54. Ke2 g5 55. f5 Kd6 56. h3 Kc6 57. g4 Rb8 58. Ke1 Re8 59. Kf2 h4 60. Kf3 Re4
61. Kf2 Bc7 62. Ng2 Ba5 63. Nge3 Re8 64. Kf3 Rb8 65. Ke2 Rb2 66. Kd2 Kd6 67.
Kc1 Rb8 68. Kd2 Rb1 69. Ke2 Nb2 70. Kd2 Nd3 71. Ng2 Kc6 72. Ke2 Bc7 73. Kd2
Bf4+ 74. Nxf4 Nxf4 75. Rc1 Rxc1 76. Kxc1 Nxh3 77. Kd2 Nf4 78. Ne3 Nd3 79. Nf1
Nf2 80. Nh2 Ne4+ 81. Kc2 Kd6 82. Nf1 Ke7 83. Nh2 Kf7 84. Nf1 Kg7 85. Nh2 Kh6
86. Nf1 Kh7 87. Nh2 Kg7 88. Nf1 Kh6 89. Nh2 h3 90. Nf1 Nf2 91. Nh2 Nxg4 92.
Nxg4+ Kh5 93. Nxf6+ Kh4 94. Ng4 Kxg4 95. f6 h2 96. f7 h1=Q 97. f8=Q Qe4+ 0-1

[Event "12 Ketrzynski Festiwal Szachowy - open A"]
[Site "Ketrzyn"]
[Date "2009.12.28"]
[Round "5.4"]
[White "Kotlowski, Tomasz"]
[Black "Drozdowski, Kacper"]
[Result "1/2-1/2"]
[WhiteElo "2019"]
[BlackElo "2198"]
[PlyCount "94"]
[EventDate "2009.??.??"]

1. e4 c5 2. Nc3 e6 3. Bc4 Nc6 4. f4 Nge7 5. d3 d5 6. Bb3 g6 7. Nf3 Bg7 8. O-O
O-O 9. Qe1 Nd4 10. Nxd4 cxd4 11. Ne2 dxe4 12. dxe4 b5 13. a4 d3 14. Ng3 bxa4
15. Rxa4 dxc2 16. Bxc2 Bd7 17. Ra1 Qb6+ 18. Kh1 Rfc8 19. Bd3 Bxb2 20. Bxb2 Qxb2
21. Ba6 Rc2 22. Rb1 Qa3 23. Qd1 Rc7 24. Ra1 Qc5 25. Qd2 Rb8 26. Rfc1 Qb6 27.
Rcb1 Qxb1+ 28. Rxb1 Rxb1+ 29. Nf1 Rcc1 30. h4 Rxf1+ 31. Bxf1 Rxf1+ 32. Kh2 Be8
33. g4 f6 34. Kg2 Rb1 35. Qa2 Rb6 36. Qxa7 Rb2+ 37. Kg3 Kf7 38. g5 Rb3+ 39. Kh2
Bc6 40. Qd4 fxg5 41. hxg5 Rf3 42. Qe5 Re3 43. Qf6+ Ke8 44. Qh8+ Kf7 45. Qf6+
Ke8 46. Qh8+ Kf7 47. Qf6+ Ke8 1/2-1/2

[Event "12 Ketrzynski Festiwal Szachowy - open A"]
[Site "Ketrzyn"]
[Date "2009.12.28"]
[Round "5.5"]
[White "Reza, Wojciech"]
[Black "Gawronski, Miroslaw"]
[Result "0-1"]
[WhiteElo "1926"]
[BlackElo "2193"]
[PlyCount "76"]
[EventDate "2009.??.??"]

1. d4 b5 2. Nf3 Bb7 3. g3 Nf6 4. Bg2 e6 5. O-O Be7 6. a4 b4 7. c3 a5 8. Qb3 Na6
9. Nbd2 O-O 10. Re1 d5 11. e4 c5 12. e5 Nd7 13. h4 h6 14. Nf1 Rb8 15. cxb4 Nxb4
16. N1h2 Ba6 17. Qd1 Nd3 18. Re3 Nxb2 19. Bxb2 Rxb2 20. Bf1 Bxf1 21. Nxf1 Qb6
22. N1d2 Rb8 23. Raa3 cxd4 24. Reb3 Bxa3 25. Rxb6 R8xb6 26. Kg2 Bc5 27. g4 d3
28. g5 h5 29. g6 fxg6 30. Kg3 R6b4 31. Qf1 Rxa4 32. Qxd3 Rg4+ 33. Kh3 Bxf2 34.
Qc3 Rbb4 35. Qc7 Nf8 36. Qxa5 Rbf4 37. Qa3 Rg3+ 38. Kh2 Rxh4+ 0-1